All players in the rugby champions cup finals from 2020-2023 - Statistics

General Stats
  • This quiz has been taken 9 times
  • The average score is 51 of 184
Answer Stats
Players Answer % Correct
9 Antoine Dupont
83%
1 Cyril Baille
83%
16 Guillaume Marchand
83%
10 Romain Ntamack
83%
23 Thomas Ramos
83%
5 Will Skelton
83%
6 Caelan Doris
67%
2 | 16 Dan Sheehan
67%
19 Donnacha Ryan
67%
13 Garry Ringrose
67%
5 James Ryan
67%
9 Jamison Gibson Park
67%
10 Johnny Sexton
67%
7 Josh Van Der Flier
67%
12 Lavani Botia
67%
7 Levan Botia
67%
22 Levani Botia
67%
2 Peato Mauvaka
67%
12 Robbie Henshaw
67%
3 Tadhg Furlong
67%
20 Thibaud Flament
67%
1 Andrew Porter
50%
17 Cian Healy
50%
10 Finn Russell
50%
7 Francois Cros
50%
6 | 8 Gregory Alldritt
50%
15 Hugo Keenan
50%
8 Jack Conan
50%
11 James Lowe
50%
12 Jonathan Danty
50%
11 Matthis Lebel
50%
6 | 21 Paul Boudehent
50%
12 Pita Ahki
50%
2 | 16 Ronan Kelleher
50%
10 Antoine Hastoy
33%
14 Cheslin Kolbe
33%
14 Dillyn Leyds
33%
14 Dilyn Leyds
33%
1 Eddy Ben Arous
33%
3 George Henri Colombe
33%
18 Georges Henri Colombe
33%
12 Henry Chavancy
33%
13 Henry Slade
33%
10 Ihaia West
33%
16 Jack Yeandle
33%
19 Jason Jenkins
33%
19 Joe McCarthy
33%
10 Joe Simmonds
33%
4 Johnny Gray
33%
2 Pierre Bourgarit
33%
1 | 17 Reda Wardi
33%
5 Richie Arnold
33%
4 | 19 Romain Sazy
33%
4 Rory Arnold
33%
8 Sam Simmonds
33%
15 Stuart Hogg
33%
9 Tawera Kerr Barlow
33%
9 Tewara Kerr Barlow
33%
11 Tom O'Flaherty
33%
22 Baptiste Germain
17%
4 Bernard Le Roux
17%
15 Brice Dulin
17%
2 Camille Chat
17%
3 Charlie Faumuina
17%
22 | 23 Ciaran Frawley
17%
1 Dany Priso
17%
5 Dominic Bird
17%
13 Geoffrey Doumayrou
17%
3 Harry Williams
17%
17 Hassane Kolingar
17%
9 Jack Maunder
17%
14 Jack Nowell
17%
8 Jerome Kaino
17%
14 Jimmy O'Brien
17%
19 Joe Tekori
17%
5 Johnny Hill
17%
13 Juan Cruz Mallia
17%
11 Juan Imhoff
17%
14 Louis Dupichot
17%
7 Matthias Haddad
17%
21 Maxime Machenaud
17%
20 Ryan Baird
17%
6 Rynhardt Elstadt
17%
19 Sam Skinner
17%
16 Teddy Baubigny
17%
9 Teddy Iribaren
17%
4 | 19 Thomas Lavault
17%
13 UJ Seuteni
17%
13 Virimi Vakatawa
17%
6 Wenceslas Lauret
17%
1 Alec Hepburn
0%
18 Ali Oz
0%
8 Antonie Claassen
0%
18 Arthur Joly
0%
21 | 22 Arthur Retiere
0%
17 Ben Moon
0%
20 Boris Palu
0%
23 Charlie Ngantai
0%
17 Clement Castets
0%
6 Dave Ewers
0%
18 David Ainu'u
0%
7 Fabien Sanconnie
0%
16 Facundo Bosch
0%
22 Gareth Steenson
0%
12 Ian Witten
0%
7 Jacques Vermeulen
0%
20 Jannes Kirsten
0%
13 Jeremy Sinzelle
0%
17 | 18 Joel Sclavi
0%
23 Jules Favre
0%
23 Jules Plisson
0%
7 Kevin Gourdon
0%
23 Kurtley Beale
0%
2 Luke Cowan Dickie
0%
21 Luke McGrath
0%
15 Maxime Medard
0%
18 Michael Alaalatoa
0%
22 Olivier Klemenczak
0%
23 Ollie Devoto
0%
16 Quentin Lespiaucq
0%
11 Raymond Rhule
0%
20 Remi Bourdeau
0%
20 Rhys Ruddock
0%
10 | 22 Ross Byrne
0%
4 Ross Molony
0%
21 Sam Hidalgo Cline
0%
21 Selevasio Tolofua
0%
15 Simon Zebo
0%
9 | 22 Thomas Berjon
0%
18 Tomas Francis
0%
3 Uini Antonio
0%
21 Ultan Dillane
0%
8 Victor Vito
0%
6 | 20 Wiaan Liebenburg
0%
No matching quizzes found
Score Distribution
Percent of People with Each Score
Percentile by Number Answered
Your Score History
You have not taken this quiz